| 000 | 00381nam a22001457a 4500 | ||
|---|---|---|---|
| 005 | 20250327134952.0 | ||
| 008 | 250327b |||||||| |||| 00| 0 eng d | ||
| 020 | _a9780750617031 | ||
| 050 |
_aHD30 _b.3 DRU |
||
| 100 | _aDrucker, Peter F. | ||
| 245 | _aManaging in turbulent times | ||
| 260 |
_aOxford _bButterworth Heinemann Ltd _cc1993 |
||
| 300 | _axi, 239p | ||
| 942 |
_2lcc _cBK _n0 |
||
| 999 |
_c5256 _d5256 |
||